Presencia carmelitana en la villa de Tolosa / (Record no. 67993)

MARC details
000 -LEADER
campo de control de longitud fija 00505nam a2200169 i 4500
001 - NÚMERO DE CONTROL
campo de control 67993
003 - IDENTIFICADOR DE NÚMERO DE CONTROL
campo de control ES-MaACL
005 - FECHA Y HORA DE LA ÚLTIMA TRANSACCIÓN
campo de control 20230906170202.0
007 - CAMPO FIJO DE DESCRIPCIÓN FÍSICA--INFORMACIÓN GENERAL
campo de control de longitud fija t|
008 - DATOS DE LONGITUD FIJA--INFORMACIÓN GENERAL
campo de control de longitud fija 040217s1972 sp ||||1| spa d
100 1# - ENTRADA PRINCIPAL--NOMBRE DE PERSONA
Nombre de persona Gandarias Ibaibarriaga, Higinio.
9 (RLIN) 53830
245 10 - MENCIÓN DEL TÍTULO
Título Presencia carmelitana en la villa de Tolosa /
Mención de responsabilidad, etc. Higinio Gandarias Ibaibarriaga.
260 ## - PUBLICACIÓN, DISTRIBUCIÓN, ETC.
Lugar de publicación, distribución, etc. Alzo (Tolosa) :
Nombre del editor, distribuidor, etc. [s.n.],
Fecha de publicación, distribución, etc. 1972.
300 ## - DESCRIPCIÓN FÍSICA
Extensión 108 p. ;
Dimensiones 30 cm.
500 ## - NOTA GENERAL
Nota general Ej. multicopista.
852 ## - LOCALIZACIÓN
Ubicación ES-MaACL
Número de control de estantería C-43284
Sublocalización o colección R.81030
Holdings
Estatus retirado Estado de pérdida Estado de daño No para préstamo Biblioteca de origen Biblioteca actual Ubicación en estantería Fecha de adquisición Fuente de adquisición Total de préstamos Signatura topográfica completa Código de barras Visto por última vez Precio de reemplazo Tipo de ítem Koha
        Biblioteca del Ateneo de Madrid Biblioteca del Ateneo de Madrid Depósito 2 17/01/2008     C-43284 1071185 23/02/2023 23/02/2023 Libro impreso